| 000 | 00475nam a2200181Ia 4500 | ||
|---|---|---|---|
| 001 | 9536 | ||
| 005 | 20260306161725.0 | ||
| 008 | 260306t1974||||xx |||||||||||||| ||spa|| | ||
| 041 | _aESP | ||
| 082 |
_a381.1894619 _bA23 |
||
| 100 |
_aAdaro Ruiz-Falcó, Luis _eAUT |
||
| 245 | 0 |
_aHistoria de las ferias de muestras de Asturias: _b(2a. época 1965-1974) |
|
| 260 | _c1974 | ||
| 300 |
_a201 páginas : _c25 cm. |
||
| 650 | _aGEN | ||
| 654 | _aCHU | ||
| 942 |
_cLIB _dJUS _fJUS _2ddc _n |
||
| 999 |
_c9536 _d9536 |
||